000 00403nam a2200133Ia 4500
008 100328s9999 xx 000 0 und d
082 _b51306
100 _aपंडित बाळ ज.
245 _aसचिन तेंडुलकर.
260 _bउत्कर्ष
630 _aसचिन तेंडुलकर.
730 _aसचिन तेंडुलकर.
942 _cBOOK
999 _c538282
_d538279